000 00682nam a2200241 i 4500
001 92723
003 ES-MaACL
005 20230906181037.0
007 t|
008 050420s1982 sp ||||1| spa d
020 _a84-309-0488-3
080 _a165
100 1 _aPopper, Karl Raimund.
_993108
245 1 0 _aConocimiento objetivo
_b: un enfoque evolucionista /
_cKarl R. Popper.
250 _a2ª ed.
260 _aMadrid :
_bTecnos,
_c1982.
300 _a342 p. ;
_c24 cm.
490 1 _aEstructura y función ;
_v40
650 4 _aEpistemología.
_912338
830 0 _aEstructura y función ;
_v40
_9181428
852 _aES-MaACL
_jE-11024
_bR.134796
999 _c92723
_d92723